Sharjah Art Foundation Library

In the Footsteps of Abraham: (Record no. 6554)

MARC details
000 -LEADER
fixed length control field 00987nam a2200205Ia 4500
001 - CONTROL NUMBER
control field 6554
008 - FIXED-LENGTH DATA ELEMENTS--GENERAL INFORMATION
fixed length control field 260430s9999 xx 000 0 und d
020 ## - INTERNATIONAL STANDARD BOOK NUMBER
International Standard Book Number 9781590201077
245 #0 - TITLE STATEMENT
Title In the Footsteps of Abraham:
Remainder of title The Holy Land in Hand-Painted Photographs/
Statement of responsibility, etc. Richard Hardiman, Helen Speelman
260 ## - PUBLICATION, DISTRIBUTION, ETC.
Place of publication, distribution, etc. NY; Woodstuck and London;
Name of publisher, distributor, etc. Overlook Duckworth, Peter Mayer Publishers;
Date of publication, distribution, etc. 2008
300 ## - PHYSICAL DESCRIPTION
Extent 384p;
Dimensions 29x30cm
520 ## - SUMMARY, ETC.
Summary, etc. A visual and historical exploration of the Holy Land through early 20th-century photographs, many hand-colored from glass lantern slides commissioned by Ari Speelman. The work documents landscapes, religious sites, and diverse communities, reflecting the region’s significance to the Abrahamic faiths and its pre-modern transformation.
546 ## - LANGUAGE NOTE
Language note English
648 ## - SUBJECT ADDED ENTRY--CHRONOLOGICAL TERM
Chronological term 1900BCE
9 (RLIN) 9389
650 ## - SUBJECT ADDED ENTRY--TOPICAL TERM
Topical term or geographic name entry element Prophet Ibrahim
9 (RLIN) 9390
650 ## - SUBJECT ADDED ENTRY--TOPICAL TERM
Topical term or geographic name entry element TR624-835 Technology- Applied Photography
650 ## - SUBJECT ADDED ENTRY--TOPICAL TERM
Topical term or geographic name entry element Travels
9 (RLIN) 9391
651 ## - SUBJECT ADDED ENTRY--GEOGRAPHIC NAME
Geographic name Levant
9 (RLIN) 3306
942 ## - ADDED ENTRY ELEMENTS (KOHA)
Koha item type Book
Holdings
Withdrawn status Lost status Damaged status Not for loan Collection Home library Current library Date acquired Total Checkouts Full call number Barcode Date last seen Price effective from Koha item type
        Technology- Photography, Cinematography, Electronic Media SAF Reference Library Photography Gallery 04/27/2026   TR624-835 120.447 6554 04/30/2026 04/30/2026 Book

Copyright © 2022. Sharjah Art Foundation. All Rights Reserved.